000 00813nab a2200229 u 4500
001 09373
003 HDC
007 cr bn ---aaaaa
008 210201b20132013may||||| |||| 00| 0 may d
040 _aHDC
245 0 _aTeroka pasaran luar:
_bHot Perfumes bina kilang RM1.5j tingkat kapasiti pengeluaran
_c/ Harian Metro
260 _aMalaysia:
_bNew Straits Times Press (M) Bhd.,
_c2013
300 _a1 online resource
336 _atext
_2rdacontent
337 _acomputer
_2rdamedia
338 _aonline resource
_2rdacarrier
650 _aPerfumes industry
_zMalaysia
_99689
856 _zRequest full-text at [email protected]
942 _2lcc
942 _cNEWS
942 _kNWSC 002621
999 _c6696
_d6696